• 首页
  • 本馆介绍
  • 公告通知
  • 最新文献
  • 馆藏检索
  • 电子资源
  • 读者导购
  • 参考咨询
  • 我的图书馆
  • 登录
  • 详细信息显示
  • 放入我的书架
  • 预约/预借图书
  • 作者相关作品
  • 分类相关作品
  • 丛书相关作品
  • 出版社相关作品

书目信息

  • 表格格式
  • 工作单格式
  • 卡片格式
题名:
面向21世纪的人才素质
    
 
作者: 沈继英 , 李家兴 主编
分册:  
出版信息: 北京   北京大学出版社  1998
页数: 292页
开本: 20cm
丛书名: 北京大学德育丛书
单 册:
中图分类: C960
科图分类:
主题词: 人才--素质(心理学)--概论--中国 , 人才 , 素质(心理学)
电子资源:
ISBN: 7-301-03775-9
000 00763oam2 2200265 450
001 1556142080
005 20150204153611.98
010    @a7-301-03775-9@dCNY13.50
100    @a19990602d1998 em y0chiy0110 ea
101 0  @achi
102    @aCN@b110000
105    @ay z 000yy
200 1  @a面向21世纪的人才素质@9mian xiang 21 shi ji de ren cai su zhi@f沈继英,李家兴主编
210    @a北京@c北京大学出版社@d1998
215    @a292页@d20cm
225 2  @a北京大学德育丛书
461  0 @12001 @a北京大学德育丛书
606 0  @a人才@x素质(心理学)@x概论@y中国
606 0  @a人才
606 0  @a素质(心理学)
690    @aC960@v5
701  0 @a沈继英@9shen ji ying@4主编
701  0 @a李家兴@9li jia xing@4主编
801  0 @aCN@bTSSF@c20150204
905    @aZUCC@dC960@eJY2
    
    面向21世纪的人才素质/沈继英,李家兴主编.-北京:北京大学出版社,1998
    292页;20cm.-(北京大学德育丛书)
    
    
    ISBN 7-301-03775-9:CNY13.50
    
●
相关链接 在E读中查询图书 在五车中查询图书 在当当中查询图书 在豆瓣中查询图书


正题名:面向21世纪的人才素质     索取号:C960/JY2         预约/预借

序号 登录号 条形码 馆藏地/架位号 状态 备注
1 7865859   278658597   学院路分馆/ [索取号:C960/JY2] 在馆    
唐山师范学院图书馆 欢迎您!
大连网信软件有限公司© 版权所有